One Step Beyond - Statistics

General Stats
  • This quiz has been taken 5 times
  • The average score is 3 of 14
Answer Stats
Answer % Correct
One Step Beyond
100%
The Prince
40%
Bed and Breakfast Man
20%
Believe Me
20%
In The Middle of the Night
20%
Land of Hope and Glory
20%
Mummy's Boy
20%
My Girl
20%
Night Boat to Cairo
20%
Razor Blade Alley
20%
Swan Lake
20%
Tarzan's Nuts
20%
Chipmunks Are Go!
0%
Rockin' in a flat
0%
No matching quizzes found
Score Distribution
Percent of People with Each Score
Percentile by Number Answered
Your Score History
You have not taken this quiz